00836nam a2200241Ia 4500001000600000003000900006008004100015040001300056040001300069041001300082100002500095100002900120245007100149245003500220250001100255260001200266260001400278260004900292300005700341500013000398650003500528650003100563F3574IT-RoPAU130308s9999 xx 000 0 und d aIT-RoPAU cIT-RoPAU aITALIANO aBettetini Gianfranco gCodice Aut. SPICS: 9215 aComunicazione e informazione dai media tradizionali ai nuovi media bEstetica-1997-La Comunicazione a1a ed. aBOLOGNA bIl Mulino c1998 [1° Ed.:1998 - Ed.Ling.Originale:1998] a"17 p. (prefazione: no ; testo: 17 [pagine: 19-35])" aApertura Pragmatica. Comunicazione e Persuasione. Comunicazione dei Nuovi Media. nuove Testualità€. Comunicazione Sintetica. aSAGGI DI COMUNICAZIONE SOCIALE eCodice materia Spics: 3807